El cártel de Sinaloa : (Registro nro. 25876)
[ vista simple ]
| 000 -LEADER | |
|---|---|
| fixed length control field | 01206cam a2200325 i 4500 |
| 001 - CONTROL NUMBER | |
| control field | 25876 |
| 003 - CONTROL NUMBER IDENTIFIER | |
| control field | Mx-PuUPA |
| 005 - DATE AND TIME OF LATEST TRANSACTION | |
| control field | 20250331112357.0 |
| 008 - FIXED-LENGTH DATA ELEMENTS--GENERAL INFORMATION | |
| fixed length control field | 140415s2009 mx a gr 000 0 spa d |
| 020 ## - INTERNATIONAL STANDARD BOOK NUMBER | |
| International Standard Book Number | 9786074297089 |
| 040 ## - CATALOGING SOURCE | |
| Original cataloging agency | Mx-PuUPA |
| Language of cataloging | spa |
| Transcribing agency | Mx-PuUPA |
| Modifying agency | Mx-PuUPA |
| Description conventions | rda |
| 041 0# - LANGUAGE CODE | |
| Language code of text/sound track or separate title | spa |
| 100 1# - MAIN ENTRY--PERSONAL NAME | |
| Personal name | Osorno, Diego Enrique, |
| Dates associated with a name | 1980- |
| 9 (RLIN) | 16642 |
| Relator term | autor |
| 245 13 - TITLE STATEMENT | |
| Title | El cártel de Sinaloa : |
| Remainder of title | una historia del uso político del narco / |
| Statement of responsibility, etc. | Diego Enrique Osorno ; prólogo, Froylán Enciso |
| 250 ## - EDITION STATEMENT | |
| Edition statement | Primera edición / |
| Remainder of edition statement | noviembre |
| 264 #1 - PRODUCTION, PUBLICATION, DISTRIBUTION, MANUFACTURE, AND COPYRIGHT NOTICE | |
| Place of production, publication, distribution, manufacture | México, D. F. : |
| Name of producer, publisher, distributor, manufacturer | Random House Mondadori, |
| Date of production, publication, distribution, manufacture, or copyright notice | ©2009 |
| 300 ## - PHYSICAL DESCRIPTION | |
| Extent | 328 páginas, 4 láminas : |
| Other physical details | ilustraciones ; |
| Dimensions | 23 cm |
| 336 ## - CONTENT TYPE | |
| Fuente | rdacontent |
| Content type term | texto |
| Content type code | txt |
| 337 ## - MEDIA TYPE | |
| Source | rdamedia |
| Media type term | sin medio |
| Media type code | n |
| 338 ## - CARRIER TYPE | |
| Source | rdacarrier |
| Carrier type term | volumen |
| Carrier type code | nc |
| 650 #7 - SUBJECT ADDED ENTRY--TOPICAL TERM | |
| 9 (RLIN) | 13986 |
| Source of heading or term | armarc |
| Topical term or geographic name entry element | Narcotráfico |
| Geographic subdivision | Sinaloa |
| 650 #7 - SUBJECT ADDED ENTRY--TOPICAL TERM | |
| Source of heading or term | armarc |
| Topical term or geographic name entry element | Violencia |
| Geographic subdivision | Sinaloa |
| 650 #7 - SUBJECT ADDED ENTRY--TOPICAL TERM | |
| Source of heading or term | armarc |
| Topical term or geographic name entry element | Crimen organizado |
| Geographic subdivision | Sinaloa |
| 700 1# - ADDED ENTRY--PERSONAL NAME | |
| Personal name | Enciso, Froylán, |
| Relator term | prologuista |
| 942 ## - ADDED ENTRY ELEMENTS (KOHA) | |
| Source of classification or shelving scheme | Dewey Decimal Classification |
| Koha item type | Libro |
| Classification part | 364.106097232 |
| Item part | O83 |
| Withdrawn status | Lost status | Source of classification or shelving scheme | Damaged status | Not for loan | Collection code | Home library | Current library | Shelving location | Date acquired | Source of acquisition | Total Checkouts | Total Renewals | Full call number | Barcode | Date last seen | Date last checked out | Price effective from | Koha item type |
|---|---|---|---|---|---|---|---|---|---|---|---|---|---|---|---|---|---|---|
| Dewey Decimal Classification | General | Biblioteca Karol Wojtyla | Biblioteca Karol Wojtyla | Sala general | 03/12/2013 | Donación | 2 | 1 | 364.106097232 O83 2009 | 48182 | 10/04/2026 | 27/03/2026 | 03/12/2013 | Libro |